Lugubre declamacion, que en los obsequios funerales que el Colegio de la Compañia de Jesus de Guathemala hizo en su templo a su singularissimo benefactor el Ilmo. Sr. Doctor D. Francisco Joseph de Figueredo, y Victoria... Arzobispo dignissimo de Guathemala, predicó el P. Joseph Ignacio Ballejo... Rector de el seminario de San Borja

Detalles Bibliográficos
Autor principal: Vallejo, José Ignacio (1718-1785)
Formato: Libro
Lenguaje:Undetermined
Spanish
Publicado: Guatemala : s.n., 17--.
Materias:
Colección:Banco de datos
Acervo:Biblioteca Palafoxiana. Colección bibliográfica
Descripción Física:19 p. ; 4°
Tema general:Homilética
Notas:Falta pie de imprenta. Número de localización: 15986-F
LEADER 00866nam a2200181Ia 4500
008 150723s9999 xx 000 0 und d
041 0 |a spa 
050 0 |a PAFX BV4207 R8 
100 1 |a Vallejo, José Ignacio (1718-1785) 
245 1 0 |a Lugubre declamacion, que en los obsequios funerales que el Colegio de la Compañia de Jesus de Guathemala hizo en su templo a su singularissimo benefactor el Ilmo. Sr. Doctor D. Francisco Joseph de Figueredo, y Victoria... Arzobispo dignissimo de Guathemala, predicó el P. Joseph Ignacio Ballejo... Rector de el seminario de San Borja 
260 |a Guatemala : s.n., 17--. 
300 |a 19 p. ; 4° 
500 |a Falta pie de imprenta. Número de localización: 15986-F 
501 |a Encuadernado con 7 obras 
650 1 0 |a Homilética 
942 |c PALALIB 
943 |g Biblioteca Palafoxiana. Colección bibliográfica 
999 |c 1054583  |d 1054583